[Event "14th EUR-ch"]
[Site "Legnica POL"]
[Date "2013.05.13"]
[Round "8"]
[White "Zawadzka, Jolanta"]
[Black "Handke, Florian"]
[Result "0-1"]
[WhiteElo "2383"]
[BlackElo "2545"]
[EventDate "2013.05.05"]
[PlyCount "118"]

1.e4 c6 2.d4 d5 3.Nc3 dxe4 4.Nxe4 Bf5 5.Ng3 Bg6 6.h4 h6 7.Nf3 e6 8.Ne5 Bh7
9.Bd3 Bxd3 10.Qxd3 Nd7 11.Bf4 Qa5+ 12.c3 Nxe5 13.dxe5 Rd8 14.Qe2 Ne7 15.h5
Nd5 16.Bd2 Qb5 17.Qxb5 cxb5 18.a4 b4 19.c4 Nb6 20.b3 Nd7 21.Be3 Bc5 22.Bf4
Bd4 23.Rd1 Nc5 24.Ke2 b6 25.Rh3 Ke7 26.Rb1 Rd7 27.Bd2 a5 28.f4 Rhd8 29.Nf1
Bg1 30.Be1 f6 31.exf6+ gxf6 32.Rg3 Kf7 33.Rg6 Rd3 34.Rxh6 R8d4 35.Nd2 Rxf4
36.Nf3 Re4+ 37.Kf1 Be3 38.Rh7+ Kg8 39.Rc7 Rxb3 40.Rxb3 Nxb3 41.Bh4 Nd2+ 
42.Nxd2 Rxh4 43.Ke2 Bxd2 44.Kxd2 Rxh5 45.Rb7 Rg5 46.Rxb6 Rxg2+ 47.Kd3 Ra2 
48.Rxe6 Kf7 49.Ra6 Rxa4 50.c5 b3 51.Kc3 Rb4 52.Kb2 a4 53.Rb6 Rc4 54.c6 
Rc2+ 55.Kb1 Kg6 56.Ra6 Kg5 57.Rxa4 Rxc6 58.Kb2 Rb6 59.Ra1 f5 0-1

[Event "14th EUR-ch"]
[Site "Legnica POL"]
[Date "2013.05.13"]
[Round "8"]
[White "Michiels, Bart"]
[Black "Pavlidis, Anastasios"]
[Result "1/2-1/2"]
[WhiteElo "2505"]
[BlackElo "2360"]
[EventDate "2013.05.05"]
[PlyCount "67"]

1.d4 Nf6 2.c4 g6 3.Nf3 Bg7 4.g3 O-O 5.Bg2 d6 6.Nc3 Nbd7 7.O-O e5 8.e4 c6 
9.h3 Qb6 10.Re1 exd4 11.Nxd4 Re8 12.Nc2 Qc7 13.Be3 b6 14.b3 a6 15.Qd2 b5 
16.Rad1 bxc4 17.Qxd6 Qxd6 18.Rxd6 cxb3 19.axb3 Rb8 20.b4 Bf8 21.Rxc6 Bb7 
22.Rc7 Bd6 23.Rc4 Rbc8 24.Rxc8 Rxc8 25.Bd4 Be5 26.Re3 Bxd4 27.Nxd4 Rc4 28.
Nc2 h5 29.Bf1 Rc8 30.Nd4 Ne5 31.Nb3 Bc6 32.Nc5 a5 33.b5 Be8 34.N3a4 
1/2-1/2

[Event "14th EUR-ch"]
[Site "Legnica POL"]
[Date "2013.05.13"]
[Round "8"]
[White "Holzke, Frank"]
[Black "Zude, Erik"]
[Result "1/2-1/2"]
[WhiteElo "2499"]
[BlackElo "2382"]
[EventDate "2013.05.05"]
[PlyCount "128"]

1.d4 Nf6 2.Nf3 g6 3.c4 Bg7 4.Nc3 O-O 5.e4 d6 6.Be2 e5 7.Be3 Ng4 8.Bg5 f6 
9.Bh4 g5 10.Bg3 Nh6 11.c5 Nc6 12.h3 f5 13.dxe5 f4 14.Bh2 Nxe5 15.cxd6 cxd6
16.Nd4 Nhf7 17.O-O Nc6 18.Nf5 Bxf5 19.exf5 Nfe5 20.Qd5+ Kh8 21.Rad1 Rxf5 
22.Bd3 Rf6 23.Bb1 Rh6 24.f3 Qe7 25.Kh1 Rf8 26.a3 g4 27.fxg4 f3 28.Bf5 Qh4 
29.Rxf3 Ne7 30.Qxb7 Nxf3 31.Qxf3 Nxf5 32.gxf5 Rhf6 33.Qg4 Qxg4 34.hxg4 Rh6
35.Kg1 Rh4 36.Bxd6 Rd8 37.Bc5 Rxd1+ 38.Nxd1 Rxg4 39.Bxa7 Rf4 40.b4 Rxf5 
41.Nf2 Rf4 42.Nd3 Bd4+ 43.Kh2 Rh4+ 44.Kg3 Re4 45.Bxd4+ Rxd4 46.Nf4 Rc4 47.
Nd5 Rd4 48.Nf4 Rd2 49.Kf3 Ra2 50.Ke4 Rxa3 51.Kd5 Rb3 52.Kc5 Kg7 53.Nd5 Kf7
54.b5 Rb2 55.b6 Ke6 56.Nf4+ Kd7 57.g4 h6 58.Nd5 Rc2+ 59.Kd4 Rb2 60.Kc5 
Rc2+ 61.Kd4 Kc8 62.Ke5 Kb7 63.Kf6 Rc5 64.Ne3 Rg5 1/2-1/2

[Event "14th EUR-ch"]
[Site "Legnica POL"]
[Date "2013.05.13"]
[Round "8"]
[White "Stanciu, Alexandru-Ovidiu"]
[Black "Wagner, Dennis"]
[Result "1-0"]
[WhiteElo "2335"]
[BlackElo "2487"]
[EventDate "2013.05.05"]
[PlyCount "71"]

1.d4 Nf6 2.c4 g6 3.f3 d5 4.cxd5 Nxd5 5.e4 Nb6 6.Be3 Bg7 7.Qd2 O-O 8.f4 Nc6
9.Nf3 Bg4 10.d5 Nb8 11.Nc3 c6 12.Ne5 Bc8 13.Nc4 N8d7 14.dxc6 bxc6 15.e5 
Qc7 16.Rc1 Nxc4 17.Bxc4 Nb6 18.Bb3 Ba6 19.Nd5 Nxd5 20.Qxd5 Rac8 21.Qc5 g5 
22.Kf2 gxf4 23.Bxf4 Qd7 24.Rc3 Qg4 25.Rf3 Bd3 26.Re1 e6 27.h3 Qg6 28.Qe3 
Rfd8 29.Bg5 Rd7 30.Rd1 Rcc7 31.Bf6 Bxf6 32.exf6 Qe4 33.Rxd3 Qh4+ 34.Kg1 
Rxd3 35.Qxd3 Qe1+ 36.Rf1 1-0

[Event "14th EUR-ch"]
[Site "Legnica POL"]
[Date "2013.05.13"]
[Round "8"]
[White "Danielian, Elina"]
[Black "Vuilleumier, Alexandre"]
[Result "1/2-1/2"]
[WhiteElo "2478"]
[BlackElo "2319"]
[EventDate "2013.05.05"]
[PlyCount "102"]

1.d4 Nf6 2.Nf3 e6 3.e3 b6 4.Bd3 Bb7 5.O-O d5 6.b3 Bd6 7.Bb2 O-O 8.c4 Nbd7 
9.Nbd2 Qe7 10.Qc2 c5 11.Ne5 cxd4 12.exd4 g6 13.Rae1 Bb4 14.f4 Rad8 15.Nxd7
Qxd7 16.Re3 Ng4 17.Re2 dxc4 18.bxc4 Rfe8 19.h3 Nh6 20.Ne4 Bxe4 21.Bxe4 Nf5
22.Bxf5 exf5 23.d5 Rxe2 24.Qxe2 Re8 25.Qd3 Re4 26.Rd1 Kf8 27.Kh1 h5 28.a3 
Be7 29.d6 Bd8 30.Qd5 h4 31.Bc3 Re6 32.Be5 f6 33.Bc3 Re3 34.Bb4 a5 35.Be1 
Qe6 36.Qxe6 Rxe6 37.Bxh4 Re4 38.c5 bxc5 39.Bf2 Rxf4 40.Bxc5 Rc4 41.Ba7 Kf7
42.Re1 Re4 43.Rc1 Ke6 44.Bb8 Kd7 45.Bc7 Re3 46.a4 Re4 47.Bxd8 Kxd8 48.Rc7 
Rxa4 49.Rg7 Re4 50.Rxg6 a4 51.Rg7 Rd4 1/2-1/2

[Event "14th EUR-ch"]
[Site "Legnica POL"]
[Date "2013.05.13"]
[Round "8"]
[White "Cernousek, Lukas"]
[Black "Selbes, Tarik"]
[Result "0-1"]
[WhiteElo "2476"]
[BlackElo "2314"]
[EventDate "2013.05.05"]
[PlyCount "26"]

1.d4 Nf6 2.c4 g6 3.g3 c5 4.dxc5 Na6 5.Be3 Bg7 6.Bg2 O-O 7.a3 Ng4 8.Bd4 e5 
9.Bc3 Nxc5 10.e3 d5 11.cxd5 e4 12.Nh3 Nd3+ 13.Kf1 Ndxf2 0-1

[Event "14th EUR-ch"]
[Site "Legnica POL"]
[Date "2013.05.13"]
[Round "8"]
[White "Stachowiak, Kamil"]
[Black "Golub, Dan"]
[Result "1-0"]
[WhiteElo "2468"]
[BlackElo "2305"]
[EventDate "2013.05.05"]
[PlyCount "119"]

1.d4 Nf6 2.Nf3 e6 3.c4 b6 4.g3 Ba6 5.Qa4 Bb7 6.Bg2 c5 7.dxc5 Bxc5 8.Nc3 
Ne4 9.Nxe4 Bxe4 10.O-O Nc6 11.a3 O-O 12.Rd1 Qc8 13.Bf4 Qb7 14.Rd2 Rfd8 15.
Rad1 e5 16.Bg5 f6 17.Be3 Bxe3 18.fxe3 Rac8 19.Bh3 Rc7 20.Kf2 Kh8 21.Rd6 
Nb8 22.Nd2 Bg6 23.Bg2 Qa6 24.Qb4 Qc8 25.b3 Na6 26.Qc3 Nc5 27.a4 Nb7 28.
Bxb7 Qxb7 29.Nb1 Rc6 30.R6d2 Bf5 31.Qb4 Bh3 32.Rg1 Re6 33.Nc3 f5 34.Qb5 d6
35.Nd5 Qf7 36.Qc6 g5 37.Rd3 Rde8 38.Ke1 f4 39.e4 Rh6 40.g4 Rd8 41.Nc3 Qe6 
42.Qc7 Rd7 43.Qc8+ Kg7 44.Nd1 Bxg4 45.Nf2 Rh4 46.h3 h5 47.hxg4 hxg4 48.Kd2
g3 49.Nd1 Rh2 50.Nc3 Qg4 51.b4 Rf2 52.c5 bxc5 53.bxc5 f3 54.Rxg3 Qf4+ 55.
Kc2 Qxg3 56.Qxd7+ Kg6 57.Rxd6+ Kh5 58.Qh7+ Kg4 59.Qf5+ Kh5 60.Rd7 1-0

[Event "14th EUR-ch"]
[Site "Legnica POL"]
[Date "2013.05.13"]
[Round "8"]
[White "Sipila, Vilka"]
[Black "Worek, Joanna"]
[Result "0-1"]
[WhiteElo "2445"]
[BlackElo "2299"]
[EventDate "2013.05.05"]
[PlyCount "54"]

1.e4 c5 2.d4 cxd4 3.c3 Nf6 4.e5 Nd5 5.Nf3 Nc6 6.Bc4 e6 7.Bxd5 exd5 8.O-O 
Be7 9.cxd4 d6 10.Nc3 dxe5 11.dxe5 d4 12.Nb5 Bg4 13.Nbxd4 Nxe5 14.Qb3 Nxf3+
15.Nxf3 O-O 16.Qxb7 Rb8 17.Qe4 Rb4 18.Qe3 Bf6 19.Ne5 Qd5 20.Nxg4 Rxg4 21.
g3 h5 22.Qb3 Qf5 23.Rd1 h4 24.Rd5 Qe4 25.Bd2 h3 26.f3 Qe2 27.fxg4 Qg2# 0-1

[Event "14th EUR-ch"]
[Site "Legnica POL"]
[Date "2013.05.13"]
[Round "8"]
[White "Mammadov, Zaur"]
[Black "Cherednichenko, Svetlana"]
[Result "1-0"]
[WhiteElo "2442"]
[BlackElo "2274"]
[EventDate "2013.05.05"]
[PlyCount "153"]

1.Nf3 d6 2.g3 g6 3.Bg2 Bg7 4.O-O f5 5.c3 Nf6 6.Qb3 e6 7.Ng5 d5 8.d3 O-O 9.
Nd2 h6 10.Nh3 Nbd7 11.Qc2 e5 12.c4 c6 13.cxd5 cxd5 14.e4 g5 15.f4 g4 16.
Nf2 exf4 17.gxf4 Nh5 18.Nb3 g3 19.hxg3 Nxg3 20.Rd1 Nf6 21.e5 Ng4 22.Nd4 
Kh8 23.Qd2 Qb6 24.Nc2 d4 25.b3 Be6 26.Bb2 Rad8 27.Re1 Rg8 28.Nxg4 fxg4 29.
Qf2 Nf5 30.Be4 Bf8 31.Rac1 Be7 32.Bxf5 g3 33.Qf3 Bxf5 34.e6 Kh7 35.Re5 
Rgf8 36.Ba3 Rde8 37.Qh5 Bg6 38.Qg4 Bxd3 39.Bxe7 Rxe7 40.f5 Rg7 41.Qxd4 
Rxf5 42.Qxb6 axb6 43.Rxf5 Bxf5 44.Nd4 Bh3 45.Re1 Re7 46.Re3 h5 47.Rxg3 Bg4
48.Re3 Kg6 49.Re5 Kf6 50.Rb5 Rc7 51.Rxb6 Ke5 52.Nb5 Rc1+ 53.Kf2 Bxe6 54.
Rxb7 Rc2+ 55.Ke3 Rxa2 56.Nd4 Bd5 57.Rb5 Kd6 58.Nf5+ Kc6 59.Nd4+ Kd6 60.b4 
Ke5 61.Nf3+ Kd6 62.Nh4 Re2+ 63.Kd3 Rb2 64.Nf5+ Ke6 65.Ng7+ Ke5 66.Nxh5 Rh2
67.Nf4 Kxf4 68.Rxd5 Rb2 69.b5 Rb1 70.Kd4 Rb2 71.Rh5 Rb1 72.Kc5 Ke4 73.b6 
Rc1+ 74.Kd6 Rb1 75.Kc6 Kd4 76.b7 Rc1+ 77.Kb6 1-0

[Event "14th EUR-ch"]
[Site "Legnica POL"]
[Date "2013.05.13"]
[Round "8"]
[White "Anton, Teodor"]
[Black "Marjanovic, Dejan"]
[Result "0-1"]
[WhiteElo "2441"]
[BlackElo "2186"]
[EventDate "2013.05.05"]
[PlyCount "132"]

1.Nf3 Nf6 2.g3 g6 3.Bg2 Bg7 4.O-O O-O 5.c4 d6 6.d4 Nbd7 7.Nc3 e5 8.e4 c6 
9.h3 Qa5 10.Re1 exd4 11.Nxd4 Ne5 12.Bf1 Re8 13.Be3 a6 14.f4 Ned7 15.Bf2 h5
16.Nf3 Qc7 17.Bg2 Nf8 18.Rc1 Be6 19.Nd5 Bxd5 20.exd5 Rxe1+ 21.Nxe1 cxd5 
22.cxd5 Qa5 23.Qb3 Re8 24.Qxb7 Qd2 25.Ra1 Ne4 26.Bxe4 Bd4 27.Nd3 Rxe4 28.
Qb3 Bxf2+ 29.Nxf2 Re3 30.Rd1 Qe2 31.Rd3 Qe1+ 32.Kg2 Re2 33.Rf3 Qc1 34.f5 
Rxb2 35.Qc3 Qxc3 36.Rxc3 Rxa2 37.fxg6 Nxg6 38.Kf1 Ra1+ 39.Ke2 Ra2+ 40.Ke3 
Ne7 41.Rd3 f5 42.Nd1 Kf7 43.Nc3 Rh2 44.h4 Ng6 45.Ne2 Ne5 46.Rd4 Ng4+ 47.
Kd3 Ne5+ 48.Ke3 Ng4+ 49.Kd3 Nf2+ 50.Ke3 Ne4 51.Rb4 a5 52.Rb7+ Kf6 53.Ra7 
a4 54.Kf3 Ke5 55.Ra8 Nd2+ 56.Ke3 Nc4+ 57.Kd3 Nb6 58.Ra5 Nd7 59.Ke3 Nc5 60.
Nf4 Rb2 61.Nxh5 Kxd5 62.Nf4+ Kc4 63.Ne2 Rb8 64.Kf4 Re8 65.Kf3 d5 66.Nc3 
Nb3 0-1

[Event "14th EUR-ch"]
[Site "Legnica POL"]
[Date "2013.05.13"]
[Round "8"]
[White "Tate, Alan"]
[Black "Svane, Rasmus"]
[Result "1-0"]
[WhiteElo "2264"]
[BlackElo "2440"]
[EventDate "2013.05.05"]
[PlyCount "87"]

1.e4 e6 2.d4 d5 3.Nd2 c5 4.exd5 Qxd5 5.dxc5 Qxc5 6.Ngf3 Nf6 7.Bd3 Be7 8.
Qe2 Nbd7 9.O-O Qc7 10.Ne4 b6 11.a4 Bb7 12.a5 bxa5 13.Bd2 Bb4 14.c3 Be7 15.
Nd4 Bxe4 16.Bxe4 Nxe4 17.Qxe4 O-O 18.Qc6 Bd6 19.Qxc7 Bxc7 20.Nc6 Nc5 21.
Be3 Nd3 22.b3 Bb6 23.Rfd1 Bxe3 24.fxe3 Nc5 25.Rxa5 Ne4 26.c4 a6 27.Rda1 
Nd2 28.R1a3 g6 29.Kf2 Nb1 30.Ra2 Nc3 31.Ra1 Ne4+ 32.Ke2 Kg7 33.b4 Rfc8 34.
Rxa6 Rxc6 35.Rxa8 Rxc4 36.Rb1 f5 37.Rb2 Rc7 38.b5 Nc3+ 39.Kd3 Nd1 40.Rb3 
e5 41.b6 Nf2+ 42.Kd2 Ne4+ 43.Ke2 Rc2+ 44.Kd1 1-0

[Event "14th EUR-ch"]
[Site "Legnica POL"]
[Date "2013.05.13"]
[Round "8"]
[White "Lubczynski, Rafal"]
[Black "Leiber, Bernard"]
[Result "1-0"]
[WhiteElo "2419"]
[BlackElo "2209"]
[EventDate "2013.05.05"]
[PlyCount "81"]

1.Nf3 d6 2.d4 Nf6 3.c4 Nbd7 4.g3 e5 5.Bg2 Be7 6.O-O O-O 7.Nc3 Re8 8.e4 Rb8
9.Qc2 a6 10.Rd1 exd4 11.Nxd4 Bf8 12.f4 c6 13.h3 Nc5 14.b4 Ncd7 15.Rb1 Qc7 
16.Be3 Nb6 17.Qd3 g6 18.Bf2 Nbd7 19.Nb3 c5 20.bxc5 Nxc5 21.Nxc5 dxc5 22.g4
b5 23.e5 bxc4 24.Qxc4 Be6 25.Qxa6 Nd7 26.Nb5 Qb6 27.Qxb6 Rxb6 28.Nc7 Rc8 
29.Nxe6 fxe6 30.a4 Rc7 31.Rxb6 Nxb6 32.a5 Nc8 33.Kf1 Kf7 34.Rc1 Ke8 35.Rc4
Kd7 36.Ke2 Na7 37.Kd3 Nb5 38.a6 Be7 39.Ra4 Ke8 40.Kc4 Na7 41.Ra2 1-0

[Event "14th EUR-ch"]
[Site "Legnica POL"]
[Date "2013.05.13"]
[Round "8"]
[White "Musialkiewicz, Jan"]
[Black "Kanter, Eduard"]
[Result "1/2-1/2"]
[WhiteElo "2256"]
[BlackElo "2418"]
[EventDate "2013.05.05"]
[PlyCount "92"]

1.e4 c5 2.Nf3 d6 3.d4 cxd4 4.Nxd4 Nf6 5.Nc3 g6 6.Be3 Bg7 7.f3 Nc6 8.Qd2 
O-O 9.Bc4 Bd7 10.O-O-O Ne5 11.Bb3 Rc8 12.Kb1 Re8 13.g4 b5 14.g5 b4 15.Nce2
Nh5 16.Ng3 a5 17.Nxh5 gxh5 18.Nf5 a4 19.Bd5 Qc7 20.Nxg7 Kxg7 21.Bd4 e6 22.
Bb7 Qxb7 23.Bxe5+ dxe5 24.Qxd7 Qc6 25.Qxc6 Rxc6 26.h4 Rec8 27.Rh2 h6 28.
Rg2 hxg5 29.Rxg5+ Kf6 30.Rg2 Rc4 31.Rd3 Rd4 32.Rxd4 exd4 33.f4 e5 34.f5 
Ke7 35.Rg3 Rb8 36.Kc1 b3 37.cxb3 axb3 38.a3 Kd6 39.Kd2 Rb7 40.Kd1 Kc5 41.
Kd2 Kc4 42.Rg8 f6 43.Rc8+ Kb5 44.Rg8 Kc4 45.Rc8+ Kb5 46.Rg8 Kc4 1/2-1/2

[Event "14th EUR-ch"]
[Site "Legnica POL"]
[Date "2013.05.13"]
[Round "8"]
[White "Dubinski, Mateusz"]
[Black "Caprio, Guido"]
[Result "0-1"]
[WhiteElo "2219"]
[BlackElo "2413"]
[EventDate "2013.05.05"]
[PlyCount "154"]

1.c4 g6 2.g3 Bg7 3.Bg2 c5 4.Nc3 Nc6 5.Nf3 d6 6.O-O e6 7.e3 Nge7 8.d4 O-O 
9.d5 Na5 10.Qd3 a6 11.e4 b5 12.cxb5 exd5 13.Bg5 f6 14.Bd2 d4 15.Nd5 Nxd5 
16.exd5 Bf5 17.Qe2 Re8 18.Qd1 Nc4 19.Qb3 axb5 20.Qxb5 Nxd2 21.Nxd2 Rb8 22.
Qc6 Rb6 23.Qa4 Rxb2 24.Rfe1 Rxe1+ 25.Rxe1 Bd7 26.Qd1 Rxa2 27.Nc4 Bf8 28.
Qb3 Qa8 29.Nb6 Qa5 30.Rb1 Bf5 31.Nc4 Qb4 32.Qxb4 cxb4 33.Rxb4 Ra1+ 34.Bf1 
Rd1 35.Rb2 Bh6 36.f4 Rxf1+ 37.Kxf1 Bd3+ 38.Kf2 Bxc4 39.Rb4 Ba2 40.Ra4 Bb1 
41.Rxd4 f5 42.Ke3 Bf8 43.Rb4 Be4 44.Rb5 Bh1 45.Ra5 Be7 46.Ra7 Kf7 47.Kd4 
Bg2 48.Kc4 Kf6 49.Rd7 h6 50.h4 Kf7 51.Ra7 Bf1+ 52.Kb4 Bd3 53.Rb7 Be2 54.
Ra7 Ke8 55.Ra8+ Bd8 56.Ra7 Bf3 57.Kc4 Bb6 58.Rg7 Be2+ 59.Kb4 Bc5+ 60.Ka5 
Bh5 61.Kb5 Bf2 62.Kc6 Bxg3 63.Kxd6 Kf8 64.Rh7 Kg8 65.Ra7 g5 66.hxg5 hxg5 
67.Ke6 gxf4 68.d6 f3 69.d7 Bh4 70.Ra4 Bg4 71.Kd6 Kf7 72.Kc7 f2 73.Ra1 Be2 
74.Rh1 Bg3+ 75.Kc6 Bf3+ 76.Kc5 Ke7 77.Rh8 Kxd7 0-1

[Event "14th EUR-ch"]
[Site "Legnica POL"]
[Date "2013.05.13"]
[Round "8"]
[White "Ekstroem, Roland"]
[Black "Huber, Martin Christian"]
[Result "1-0"]
[WhiteElo "2461"]
[BlackElo "2176"]
[EventDate "2013.05.05"]
[PlyCount "64"]

1.e4 c5 2.Nf3 e6 3.c4 Nc6 4.Nc3 e5 5.g3 d6 6.Bg2 Be7 7.O-O f5 8.exf5 Bxf5 
9.d3 Nf6 10.a3 O-O 11.h3 Qd7 12.Kh2 h6 13.Be3 a5 14.Qe2 Rae8 15.Nd2 Bd8 
16.Nde4 Kh8 17.Rab1 Nd4 18.Qd1 Nxe4 19.Nxe4 a4 20.b4 axb3 21.Bxd4 exd4 22.
Qxb3 b6 23.Rb2 Be6 24.Re1 Bc7 25.Rbe2 Bf7 26.a4 Bh5 27.Ra2 Bf3 28.Qb5 Qf7 
29.Ng5 hxg5 30.Rxe8 Rxe8 31.Bxf3 g6 32.Kg2 Kg7 
    {...}
1-0

[Event "14th EUR-ch"]
[Site "Legnica POL"]
[Date "2013.05.13"]
[Round "8"]
[White "Matsenko, Sergei"]
[Black "Izzat, Kanan"]
[Result "1/2-1/2"]
[WhiteElo "2485"]
[BlackElo "2322"]
[EventDate "2013.05.05"]
[PlyCount "109"]

1.e4 c6 2.d4 d5 3.e5 c5 4.dxc5 Nc6 5.Bb5 e6 6.Be3 Ne7 7.c3 Bd7 8.Bxc6 Bxc6
9.Nf3 Nf5 10.Bd4 a5 11.a4 Nxd4 12.Qxd4 Qc8 13.O-O Bd7 14.b4 Be7 15.Qd3 O-O
16.Nbd2 axb4 17.cxb4 b6 18.Rfc1 bxc5 19.bxc5 Bxa4 20.Nd4 Qc7 21.N2f3 Rfb8 
22.c6 h6 23.h3 Rb4 24.Nb5 Qb6 25.Nd6 Bd8 26.Rab1 Be7 27.Rxb4 Qxb4 28.Qc3 
Bxd6 29.exd6 Qxd6 30.Nd4 e5 31.c7 Bd7 32.Nb5 Qb6 33.Qc5 Qxb5 34.Qxb5 Bxb5 
35.c8=Q+ Rxc8 36.Rxc8+ Kh7 37.Rc5 Bc4 38.f3 Kg6 39.Kf2 h5 40.h4 f6 41.Rc7 
Bd3 42.g3 Bf5 43.Ra7 d4 44.Re7 Kh6 45.Rf7 Bd3 46.Rc7 g5 47.hxg5+ Kxg5 48.
Rg7+ Bg6 49.Rg8 Kf5 50.Rg7 Be8 51.Re7 Bb5 52.Rh7 Kg6 53.Rb7 Bd3 54.Re7 Bf5
55.Rc7 1/2-1/2

[Event "14th EUR-ch"]
[Site "Legnica POL"]
[Date "2013.05.13"]
[Round "8"]
[White "Rindlisbacher, Lars"]
[Black "Pavlidis, Antonios"]
[Result "1/2-1/2"]
[WhiteElo "2312"]
[BlackElo "2479"]
[EventDate "2013.05.05"]
[PlyCount "133"]

1.e4 e5 2.Nf3 Nc6 3.Bb5 a6 4.Ba4 Nf6 5.O-O Be7 6.Re1 b5 7.Bb3 O-O 8.h3 Bb7
9.d3 d5 10.exd5 Nxd5 11.Nxe5 Nxe5 12.Rxe5 Qd6 13.Re1 Rae8 14.Nd2 c5 15.Qf3
Bd8 16.Rxe8 Rxe8 17.Ne4 Qc7 18.c4 Nb6 19.Bf4 Qe7 20.Re1 Kh8 21.Qe3 Bxe4 
22.Qxe4 Qxe4 23.Rxe4 Rxe4 24.dxe4 bxc4 25.Bd1 Bf6 26.Bc7 Na8 27.e5 Nxc7 
28.exf6 Nd5 29.fxg7+ Kxg7 30.Be2 c3 31.bxc3 Nxc3 32.Bc4 Kf6 33.Kf1 a5 34.
Ke1 Ke5 35.Bxf7 Kd4 36.g4 c4 37.g5 Nxa2 38.Bg8 a4 39.Bxh7 Nc3 40.Kd2 a3 
41.Kc2 Nd1 42.Kb1 Ke5 43.f3 Nc3+ 44.Ka1 Kf4 45.g6 Nd5 46.g7 Ne7 47.Be4 Ke5
48.Bh7 Kf4 49.Be4 Ke5 50.Ka2 Kf6 51.Kxa3 Kxg7 52.Kb4 Kf6 53.h4 Kg7 54.Kxc4
Kh6 55.Kc5 Kh5 56.Kd6 Ng8 57.Ke6 Nh6 58.Kf6 Ng4+ 59.Kf5 Ne3+ 60.Kf4 Ng2+ 
61.Kg3 Nxh4 62.f4 Ng6 63.f5 Ne5 64.Kf4 Nd7 65.Bd5 Kh6 66.Be6 Nf6 67.Ke5 
1/2-1/2

[Event "14th EUR-ch"]
[Site "Legnica POL"]
[Date "2013.05.13"]
[Round "8"]
[White "Przezdziecka, Marta"]
[Black "Donchenko, Alexander"]
[Result "0-1"]
[WhiteElo "2302"]
[BlackElo "2452"]
[EventDate "2013.05.05"]
[PlyCount "102"]

1.Nf3 c5 2.g3 Nc6 3.Bg2 g6 4.e4 Nf6 5.d3 d6 6.O-O Bg7 7.c3 O-O 8.Re1 Qc7 
9.a3 b6 10.d4 Bb7 11.d5 Nb8 12.c4 Nbd7 13.Nc3 Ng4 14.Qe2 Ba6 15.h3 Nge5 
16.Nd2 Nxc4 17.Nxc4 Ne5 18.Qc2 Bxc4 19.Rd1 Ba6 20.f4 Nd7 21.Be3 Bb7 22.
Rac1 a6 23.Ne2 Qb8 24.g4 b5 25.Ng3 Nb6 26.b3 a5 27.Bf1 Ba6 28.Qf2 b4 29.a4
Rc8 30.h4 Qb7 31.h5 Rab8 32.g5 Nd7 33.Bh3 c4 34.Bd4 cxb3 35.Bxg7 Rxc1 36.
Rxc1 Kxg7 37.h6+ Kg8 38.Qb2 f6 39.Be6+ Kf8 40.f5 Ne5 41.fxg6 hxg6 42.Kh1 
Qa7 43.h7 Kg7 44.Nf5+ Kh8 45.gxf6 exf6 46.Nxd6 Rf8 47.Rg1 Qxh7+ 48.Kg2 Qc7
49.Qd2 Qc2 50.Rd1 Kg7 51.Nb5 Qxe4+ 0-1

[Event "14th EUR-ch"]
[Site "Legnica POL"]
[Date "2013.05.13"]
[Round "8"]
[White "Chudinovskikh, Alexander"]
[Black "Schachinger, Mario"]
[Result "1-0"]
[WhiteElo "2296"]
[BlackElo "2443"]
[EventDate "2013.05.05"]
[PlyCount "179"]

1.e4 c6 2.Nf3 d5 3.Nc3 Bg4 4.h3 Bxf3 5.Qxf3 e6 6.g3 Nf6 7.Bg2 dxe4 8.Nxe4 
Nxe4 9.Qxe4 Qd5 10.O-O Qxe4 11.Bxe4 Nd7 12.d4 Nf6 13.Bf3 O-O-O 14.c3 Nd5 
15.Bd2 c5 16.dxc5 Bxc5 17.b4 Be7 18.a3 Nb6 19.Bf4 Bd6 20.Bg5 f6 21.Be3 Nc4
22.Rfe1 Kb8 23.Kg2 Be5 24.Bd4 Bxd4 25.cxd4 Rd6 26.Re2 Rhd8 27.a4 Rxd4 28.
Rxe6 Ne5 29.Re7 R4d7 30.Rxd7 Rxd7 31.Rd1 Rxd1 32.Bxd1 Kc7 33.f4 Nd3 34.b5 
Kb6 35.Kf3 Ka5 36.h4 h6 37.h5 Kb4 38.Be2 Kc3 39.Ke4 Nf2+ 40.Ke3 Nh1 41.g4 
Ng3 42.Bf3 Nf1+ 43.Kf2 Nd2 44.Bxb7 Nc4 45.Kf3 Kd4 46.g5 fxg5 47.fxg5 Ke5 
48.gxh6 gxh6 49.Bc6 Nb6 50.a5 Nc4 51.a6 Nb6 52.Ke3 Nc4+ 53.Kd3 Nb6 54.Bg2 
Na4 55.Kc4 Nb6+ 56.Kc5 Na4+ 57.Kc6 Nb6 58.Bf1 Ke6 59.Bd3 Ke7 60.Bc2 Ke6 
61.Bb3+ Ke7 62.Kc7 Nd7 63.Kc6 Nb6 64.Bd1 Ke6 65.Bg4+ Ke7 66.Bh3 Na4 67.Kd5
Nc3+ 68.Kc6 Na4 69.Bf1 Nb6 70.Kc5 Ke6 71.Kd4 Na4 72.Ke4 Nc3+ 73.Kf3 Na4 
74.Kf4 Nb6 75.Bh3+ Kf6 76.Ke4 Na4 77.Kd5 Nb6+ 78.Kd6 Nc4+ 79.Kd7 Nb6+ 80.
Ke8 Na4 81.Bf1 Nb6 82.Be2 Na4 83.Kf8 Nb6 84.Kg8 Na4 85.Kh7 Kg5 86.Kg7 Nb6 
87.Kf7 Na4 88.Ke6 Nb6 89.Bd1 Nc4 90.Kd5 1-0

[Event "14th EUR-ch"]
[Site "Legnica POL"]
[Date "2013.05.13"]
[Round "8"]
[White "Ivic, Mateo"]
[Black "Diermair, Andreas"]
[Result "0-1"]
[WhiteElo "2278"]
[BlackElo "2431"]
[EventDate "2013.05.05"]
[PlyCount "76"]

1.e4 e5 2.Nf3 Nc6 3.Bb5 a6 4.Ba4 Nf6 5.Qe2 b5 6.Bb3 Be7 7.c3 O-O 8.d3 d6 
9.Nbd2 Na5 10.Bc2 c5 11.Nf1 Re8 12.Ng3 h6 13.h3 Bf8 14.O-O g6 15.Be3 Bb7 
16.Rad1 d5 17.Nh2 Qe7 18.f4 exf4 19.Rxf4 dxe4 20.dxe4 Nc4 21.Rdf1 Bg7 22.
Qf2 Nxe3 23.Qxe3 Nd5 24.Qf3 Nxf4 25.Qxf4 Rad8 26.Ng4 h5 27.Ne3 Be5 28.Qf3 
Bxg3 29.Qxg3 Bxe4 30.Bd1 Rd3 31.Bxh5 Rxe3 32.Qxe3 gxh5 33.Re1 Qe5 34.Qh6 
Re6 35.Qe3 Kg7 36.Re2 Qd5 37.Rd2 Bg6 38.Qf4 Qe5 0-1

[Event "14th EUR-ch"]
[Site "Legnica POL"]
[Date "2013.05.13"]
[Round "8"]
[White "Mazur, Stefan"]
[Black "Makolli, Perparim"]
[Result "1-0"]
[WhiteElo "2402"]
[BlackElo "2286"]
[EventDate "2013.05.05"]
[PlyCount "115"]

1.e4 c5 2.Nf3 Nc6 3.Bb5 Qb6 4.Nc3 e6 5.O-O a6 6.Bxc6 Qxc6 7.d4 cxd4 8.Nxd4
Qc7 9.Re1 d6 10.Bg5 Be7 11.Qd2 Nf6 12.f4 h6 13.Bh4 Nxe4 14.Rxe4 Bxh4 15.f5
Bg5 16.Qd3 e5 17.h4 Bd8 18.Nd5 Qc5 19.b4 Qa7 20.Rf1 Bd7 21.Kh1 Bc6 22.Ne2 
Bxd5 23.Qxd5 Qb6 24.Ng3 Qc6 25.Qd3 Rc8 26.c4 Bf6 27.a4 Ke7 28.Ne2 Rhd8 29.
Nc3 Kf8 30.a5 b5 31.axb6 Qxb6 32.Nd5 Qc6 33.Qh3 Qa4 34.Qd3 Qa2 35.Qb1 Qxb1
36.Rxb1 Rc6 37.Kg1 Rdc8 38.Rc1 Bd8 39.Kf1 a5 40.b5 Rc5 41.b6 Rb8 42.Rb1 
Rc6 43.b7 Ke8 44.g3 Kd7 45.Rg4 Bf6 46.Ke2 h5 47.Nxf6+ gxf6 48.Rg7 Ke7 49.
g4 Rxc4 50.g5 Kf8 51.gxf6 a4 52.Rh7 Re4+ 53.Kf3 Rf4+ 54.Kg3 Rg4+ 55.Kh3 
Rg8 56.Rc1 Ke8 57.Rc8+ Kd7 58.Rxf7# 1-0

[Event "14th EUR-ch"]
[Site "Legnica POL"]
[Date "2013.05.13"]
[Round "8"]
[White "Duman, Aydin"]
[Black "Arngrimsson, Dagur"]
[Result "0-1"]
[WhiteElo "2265"]
[BlackElo "2390"]
[EventDate "2013.05.05"]
[PlyCount "58"]

1.e4 c6 2.d4 d5 3.e5 Bf5 4.h4 h5 5.c4 e6 6.Nc3 Ne7 7.Bg5 dxc4 8.Bxc4 Nd7 
9.Nge2 f6 10.exf6 gxf6 11.Be3 Nb6 12.Bb3 Nbd5 13.Ng3 Nxe3 14.fxe3 Bg4 15.
Qd3 f5 16.O-O Qd6 17.Nge4 fxe4 18.Nxe4 Qc7 19.Nf6+ Kd8 20.e4 Qb6 21.Nxg4 
hxg4 22.Bxe6 Ng6 23.Rf2 Rxh4 24.e5 g3 25.Qxg3 Qxd4 26.Qb3 Rg4 27.Qf3 Kc7 
28.Rd1 Nxe5 29.Qf5 Qe3 0-1

[Event "14th EUR-ch"]
[Site "Legnica POL"]
[Date "2013.05.13"]
[Round "8"]
[White "Erturan, Yakup"]
[Black "Henseler, Jorgen"]
[Result "1-0"]
[WhiteElo "2386"]
[BlackElo "2093"]
[EventDate "2013.05.05"]
[PlyCount "43"]

1.c4 Nf6 2.d4 g6 3.Nc3 d5 4.Bg5 Ne4 5.h4 Nxc3 6.bxc3 dxc4 7.e3 b5 8.a4 Bd7
9.axb5 Bxb5 10.h5 Nd7 11.hxg6 fxg6 12.Ne2 Nf6 13.Bxf6 exf6 14.Nf4 Bg7 15.
Bxc4 Bxc4 16.Qa4+ Ke7 17.Qxc4 Qd7 18.Nd5+ Kd8 19.Ra6 c6 20.Nb4 c5 21.dxc5 
Bf8 22.Ke2 1-0

[Event "14th EUR-ch"]
[Site "Legnica POL"]
[Date "2013.05.13"]
[Round "8"]
[White "Simeonidis, Ioannis"]
[Black "Vedder, Henk"]
[Result "1/2-1/2"]
[WhiteElo "2237"]
[BlackElo "2368"]
[EventDate "2013.05.05"]
[PlyCount "96"]

1.Nf3 Nf6 2.c4 e6 3.d4 d5 4.g3 Nc6 5.Bg2 Bb4+ 6.Bd2 a5 7.a3 Bxd2+ 8.Nbxd2 
a4 9.O-O O-O 10.Rc1 Bd7 11.Qc2 Qe7 12.Rfe1 Rfd8 13.e4 dxe4 14.Nxe4 Be8 15.
Rcd1 Nxe4 16.Rxe4 Qf6 17.Qe2 g6 18.h4 Na5 19.Ne5 Qg7 20.Rf4 c5 21.d5 Nb3 
22.Re1 Nd4 23.Qd3 Ra6 24.Ng4 Kh8 25.h5 gxh5 26.Nf6 e5 27.Nxe8 Rxe8 28.Rh4 
Qg6 29.Qd1 f5 30.Rxh5 Rb6 31.Rh4 Rxb2 32.Qxa4 e4 33.Qd7 Rg8 34.Qe7 Qg7 35.
Qxc5 Rxf2 36.g4 Rd2 37.d6 Nf3+ 38.Bxf3 exf3 39.Kf1 f2 40.Rb1 Re8 41.Qc7 
Qg8 42.g5 f4 43.Rh6 Rde2 44.g6 Re1+ 45.Kxf2 R8e2+ 46.Kf3 Re3+ 47.Kf2 R3e2+
48.Kf3 Re3+ 1/2-1/2

[Event "14th EUR-ch"]
[Site "Legnica POL"]
[Date "2013.05.13"]
[Round "8"]
[White "Sabuk, Piotr"]
[Black "Maevsky, Nikolay"]
[Result "1/2-1/2"]
[WhiteElo "2206"]
[BlackElo "2323"]
[EventDate "2013.05.05"]
[PlyCount "96"]

1.d4 c5 2.d5 f5 3.Nc3 Nf6 4.e4 fxe4 5.f3 exf3 6.Nxf3 g6 7.Bc4 a6 8.a4 Bg7 
9.O-O O-O 10.Qe1 d6 11.Qh4 Bg4 12.Ng5 h6 13.Nge4 Nxe4 14.Nxe4 Rxf1+ 15.
Bxf1 Bf5 16.Bd3 Qf8 17.Be3 Nd7 18.Rf1 Nf6 19.h3 c4 20.Nxf6+ Bxf6 21.Qxc4 
Bxd3 22.Qxd3 Qg7 23.c3 Rc8 24.Kh1 Kh7 25.Rf4 Qg8 26.Rb4 Rc7 27.Bb6 Rd7 28.
Qe4 Be5 29.Qg4 e6 30.dxe6 Re7 31.Be3 Qf8 32.Qf3 Qxf3 33.gxf3 g5 34.h4 Kg6 
35.hxg5 hxg5 36.Kg2 Kf5 37.a5 Rxe6 38.Rxb7 Bxc3 39.bxc3 Rxe3 40.Rb6 Ke6 
41.Rxa6 Rxc3 42.Ra8 Ra3 43.a6 Kd7 44.Kg3 Ra4 45.Kf2 Kc7 46.Ke3 Kb6 47.Rd8 
Kc7 48.Ra8 Kb6 1/2-1/2